000 00796nam a2200217 i 4500
001 10197
003 ES-MaACL
005 20230906145834.0
007 t|
008 950315s1994 sp d |||| | spa d
020 _a84-605-1627-X
080 _a61(038)
100 1 _aIllera Martín, Mariano.
_965191
245 1 0 _aDiccionario de acrónimos con símbolos y abreviaturas para las ciencias de la salud /
_cMariano Illera Martín ; prólogo, Luis Valenciano Clavel.
260 _aMadrid :
_bFundación Wellcome España,
_c1994.
300 _aXI, 385 p. ;
_c27 cm.
650 1 4 _aMedicina-
_xAbreviaturas-
_vDiccionarios.
_9166931
700 1 _aValenciano Clavel, Luis.
_9112576
710 2 _aFundación Wellcome España.
_94433
852 _aES-MaACL
_jL-17670
_z. - Dedicatoria autógrafa del autor
999 _c10197
_d10197